LEADER 02026nam a2200397 a 4500 001 000000139987 003 CaOOAMICUS 005 20141006124449.0 008 141006s2013 gw u001 u ger r 020 $z9783451345487* 040 $aPUL$bita 082 04$a193 100 0 $aTheresia Benedicta a Cruce,$cs.,$d1891-1942.$0(OLS)http://pul/name/8163 245 10$aMiscellanea thomistica :$bÜbersetzungen - Abbreviationen - Exzerpte: aus Werken des Thomas von Aquin und der Forschungsliteratur /$cEdith Stein ; herausgegeben von Andreas Speer und Francesco Valerio Tommasi ; unter Mitarbeit von Mareike Hauer und Stephan Regh. 260 $aFreiburg :$bHerder,$c©2013. 300 $aXLIII, 299 p. ;$c22 cm 490 1 $aEdith Stein Gesamtausgabe ;$v27 504 $aBibliografia in nota. 600 04$aThomas Aquinas,$cs.,$dc. 1225-1274$xFilosofia.$0(OLS)http://pul/subject/1465 700 1 $aSpeer, Andreas,$c1957-$0(OLS)http://pul/name/6518 700 1 $aTommasi, Francesco Valerio.$0(OLS)http://pul/name/75570 700 1 $aRegh, Stephan.$0(OLS)http://pul/name/90246 700 1 $aHauer, Mareike.$0(OLS)http://pul/name/90245 830 0$aEdith Stein Gesamtausgabe ;$v27.$0(OLS)http://pul/title/99687 850 $aPUL 852 $aPUL$W1$xSL Filosofia 3$y81$m193 STEED 5.27$j161708$qDDC 21$B161157$CPULBib$Z2$F161157 $H124691 $82 900 $aStein, Edith, $csuora,$d1891-1942$98163 900 $aEdith Stein,$cs.,$d1891-1942 $98163 900 $aTeresa Benedetta della Croce.$cs.,$d1891-1942$98163 900 $aTeresia Benedicta a Cruce,$cs.,$d1891-1942?$98163 941 1 $a9 996 $6020$z9783451345487*$9(OLS)http://pul/number/156068 996 $6082$a193$9(OLS)http://pul/classification/412 996 $6245$aMiscellanea thomistica :$bÜbersetzungen - Abbreviationen - Exzerpte: aus Werken des Thomas von Aquin und der Forschungsliteratur$9(OLS)http://pul/title/177208 996 $6260$aFreiburg :$bHerder$9(OLS)http://pul/publisher/48354 LEADER 01346nam a2200289 u 4500 001 000000041176 003 CaOOAMICUS 005 20070226114202.0 008 981028s1985 it u000 u ita u 035 $a10806731 040 $aBAV$bita$dPUL(R) 100 1 $aGiannini, Giorgio,$d1913-1996.$0(OLS)http://pul/name/5586 245 10$aEsame delle Quaranta proposizioni rosminiane /$cGiorgio Giannini. 260 $aGenova :$bStudio editoriale di cultura ;$aStresa :$bLibreria editoriale Sodalitas,$c1985. 300 $a146 p. ;$c24 cm 490 1 $aBiblioteca di Studi rosminiani ;$v2 504 $aComprende indicazioni bibliografiche. 600 14$aRosmini Serbati, Antonio,$cI.D.C.,$d1797-1855$xCritica e interpretazione.$0(OLS)http://pul/subject/898 650 4$aFilosofia$ySec. XIX.$0(OLS)http://pul/subject/4784 830 0$aBiblioteca di Studi rosminiani ;$v2.$0(OLS)http://pul/title/55579 850 $aPUL 852 $aPUL$W1$xSL Filosofia 1$y2$m93 A 47$j55819$nBK-PRI$b $qStampati$B55819$CPULBib$Z2$F55819 $81 941 1 $a8 961 $aINV: 53667 996 $6245$aEsame delle Quaranta proposizioni rosminiane$9(OLS)http://pul/title/55578 996 $6260$aGenova :$bStudio editoriale di cultura$9(OLS)http://pul/publisher/52511 996 $6260$aStresa :$bLibreria editoriale Sodalitas$9(OLS)http://pul/publisher/64502